Passionate landscape : (Record no. 23123)

000 -LEADER
fixed length control field 01356cam a22003014a 4500
001 - CONTROL NUMBER
control field 14360070
005 - DATE AND TIME OF LATEST TRANSACTION
control field 20170125155914.0
008 - FIXED-LENGTH DATA ELEMENTS--GENERAL INFORMATION
fixed length control field 060501s2006 nmua b 001 0beng
010 ## - LIBRARY OF CONGRESS CONTROL NUMBER
LC control number 2006014667
020 ## - INTERNATIONAL STANDARD BOOK NUMBER
International Standard Book Number 0865344981 (hardbound : alk. paper)
050 00 - LIBRARY OF CONGRESS CALL NUMBER
Classification number ND237.K227G73 2006
100 1# - MAIN ENTRY--PERSONAL NAME
Personal name Graves, Harmon S.
245 10 - TITLE STATEMENT
Title Passionate landscape :
Remainder of title the painting journeys of Buffalo Kaplinski /
Statement of responsibility, etc. by Harmon S. Graves ; foreword by B. Byron Price.
246 30 - VARYING FORM OF TITLE
Title proper/short title Painting journeys of Buffalo Kaplinski
260 ## - PUBLICATION, DISTRIBUTION, ETC. (IMPRINT)
Place of publication, distribution, etc. Santa Fe :
Name of publisher, distributor, etc. Sunstone Press,
Date of publication, distribution, etc. c2006.
300 ## - PHYSICAL DESCRIPTION
Extent 183 p. :
Other physical details ill. (chiefly col.) ;
Dimensions 29 cm.
504 ## - BIBLIOGRAPHY, ETC. NOTE
Bibliography, etc Includes bibliographical references (p. 178-179) and index.
600 10 - SUBJECT ADDED ENTRY--PERSONAL NAME
Personal name Kaplinski, Buffalo,
Dates associated with a name 1943-
650 #0 - SUBJECT ADDED ENTRY--TOPICAL TERM
Topical term or geographic name as entry element Landscape painters
Geographic subdivision United States
Form subdivision Biography.
700 1# - ADDED ENTRY--PERSONAL NAME
Personal name Kaplinski, Buffalo,
Dates associated with a name 1943-
856 41 - ELECTRONIC LOCATION AND ACCESS
Materials specified Table of contents only
Uniform Resource Identifier <a href="http://www.loc.gov/catdir/toc/ecip0613/2006014667.html">http://www.loc.gov/catdir/toc/ecip0613/2006014667.html</a>
942 ## - ADDED ENTRY ELEMENTS (KOHA)
Source of classification or shelving scheme
Koha item type Hard Covered Materials
Holdings
Withdrawn status Lost status Source of classification or shelving scheme Damaged status Not for loan Home library Current library Shelving location Date acquired Source of acquisition Total Checkouts Full call number Barcode Date last seen Price effective from Koha item type
          MACHAKOS UNIVERSITY LIBRARY MACHAKOS UNIVERSITY LIBRARY Technical section 25/01/2017 Donation(BFA)   ND237.K227G73 2006 30561 24/07/2018 25/01/2017 Hard Covered Materials
© Machakos University Library, Along The Highway, Machakos Wote Rd, Machakos, Kenya P.O. Box 136 - 90100 Machakos - Kenya

Tel: ( +254 ) 723 805829 OR Fax : 044-20353 OR Email: library@mksu.ac.ke